|
|
|
|
| LEADER |
01419nam a22003137a 4500 |
| 001 |
34926 |
| 003 |
BD-DhAAL |
| 005 |
20190725124937.0 |
| 008 |
190725t2008 bg a 000 0 ben d |
| 999 |
|
|
|c 40996
|d 40996
|
| 010 |
|
|
|a 2011311171
|
| 020 |
|
|
|z 9847010500646
|
| 040 |
|
|
|a BD-DhAAL
|
| 082 |
|
|
|a 599.74428
|
| 100 |
|
|
|a খান, তাহাওয়ার আলী
|9 33148
|
| 245 |
|
|
|a সুন্দরবনের মানুষখেকো /
|c তাহাওয়ার আলী খান, মুহাম্মদ নূরুল ইসলাম অনূদিত
|
| 246 |
3 |
1 |
|a Sunderbaner manush kheko
|
| 260 |
|
|
|a ঢাকা :
|b অনন্যা,
|c ২০০৮
|
| 300 |
|
|
|a ১৫৮ পৃষ্ঠা :
|b চিত্র ;
|c ২২ সে.মি.
|
| 526 |
|
|
|a Residential Campus
|
| 541 |
|
|
|a Development Book Agency
|e 34926
|
| 546 |
|
|
|a In Bengali.
|
| 650 |
|
0 |
|a Bengal tiger
|z Sundarbans (Bangladesh and India)
|9 16752
|
| 650 |
|
0 |
|a Bengal tiger
|x Conservation
|z Sundarbans (Bangladesh and India)
|9 16753
|
| 650 |
|
0 |
|a Tiger.
|9 16754
|
| 700 |
|
|
|a ইসলাম, মুহাম্মদ নূরুল
|9 33149
|
| 852 |
|
|
|a Savar Campus Library
|c General Stacks
|
| 942 |
|
|
|2 ddc
|c BK
|
| 952 |
|
|
|0 0
|1 0
|2 ddc
|4 0
|6 599_744280000000000_KHA
|7 0
|9 65772
|a SCL
|b SCL
|c GEN
|d 2019-07-17
|e Development Book Agency
|g 149.00
|l 1
|m 3
|o 599.74428 KHA
|p 3020034926
|r 2019-09-23
|s 2019-08-03
|t 1
|v 149.00
|w 2019-07-17
|y BK
|